Countries With The Highest % Of Natural Blondes - Statistics

General Stats
  • This quiz has been taken 45 times
  • The average score is 18 of 20
Answer Stats
% Country % Correct
83 Finland
100%
73 Sweden
100%
88 Estonia
98%
77 Norway
98%
82 Latvia
95%
80 Lithuania
95%
68 Poland
95%
75 Denmark
93%
65 Germany
93%
62 Russia
93%
70 Belarus
90%
60 Belgium
90%
86 Iceland
90%
69 Czech Republic
86%
68 Netherlands
86%
65 Ukraine
86%
62 Ireland
83%
64 Luxembourg
81%
59 Slovakia
81%
58 Liechtenstein
71%
No matching quizzes found
Score Distribution
Percent of People with Each Score
Percentile by Number Answered
Your Score History
You have not taken this quiz